<?xml version="1.0" encoding="UTF-8"?><?xml-stylesheet type="text/xsl" href="static/style.xsl"?><OAI-PMH xmlns="http://www.openarchives.org/OAI/2.0/" xmlns:xsi="http://www.w3.org/2001/XMLSchema-instance" xsi:schemaLocation="http://www.openarchives.org/OAI/2.0/ http://www.openarchives.org/OAI/2.0/OAI-PMH.xsd"><responseDate>2026-04-27T13:00:05Z</responseDate><request verb="GetRecord" identifier="oai:uvadoc.uva.es:10324/27962" metadataPrefix="marc">https://uvadoc.uva.es/oai/request</request><GetRecord><record><header><identifier>oai:uvadoc.uva.es:10324/27962</identifier><datestamp>2021-06-29T19:50:50Z</datestamp><setSpec>com_10324_38</setSpec><setSpec>col_10324_852</setSpec></header><metadata><record xmlns="http://www.loc.gov/MARC21/slim" xmlns:doc="http://www.lyncode.com/xoai" xmlns:xsi="http://www.w3.org/2001/XMLSchema-instance" xmlns:dcterms="http://purl.org/dc/terms/" xsi:schemaLocation="http://www.loc.gov/MARC21/slim http://www.loc.gov/standards/marcxml/schema/MARC21slim.xsd">
<leader>00925njm 22002777a 4500</leader>
<datafield tag="042" ind1=" " ind2=" ">
<subfield code="a">dc</subfield>
</datafield>
<datafield tag="720" ind1=" " ind2=" ">
<subfield code="a">Rodríguez Fernández, José Raúl</subfield>
<subfield code="e">author</subfield>
</datafield>
<datafield tag="260" ind1=" " ind2=" ">
<subfield code="c">2017</subfield>
</datafield>
<datafield tag="520" ind1=" " ind2=" ">
<subfield code="a">Se trata de una repoblación forestal en el monte nº 11 del catálogo del MUP de Cantabria denominado “Colladas y Collugas”. Esta repoblación tiene un carácter protector y de restauración medioambiental. Las actuaciones a realizar se basan en la restauración del área afectada por los incendios forestales y posteriores temporales en el término municipal de Los Tojos. Como consecuencia de los vientos del sur que afectaron al norte peninsular en los últimos días del año 2015 se experimentó un periodo de sequía dejando condiciones de humedad relativa muy bajas de forma prolongada, acompañado de altas temperaturas y vientos de fuerte intensidad.Por estas razones los objetivos principales se basan en la disminución del riesgo de plagas y enfermedades, tratamiento de la vegetación preexistente y restauración de hábitats mediante repoblación de especies vegetales.</subfield>
</datafield>
<datafield tag="024" ind2=" " ind1="8">
<subfield code="a">http://uvadoc.uva.es/handle/10324/27962</subfield>
</datafield>
<datafield ind1=" " ind2=" " tag="653">
<subfield code="a">Repoblación forestal-España-Cantabria</subfield>
</datafield>
<datafield tag="245" ind1="0" ind2="0">
<subfield code="a">Proyecto de repoblación forestal en el monte Nº 11 del catálogo del MUP de Cantabria, monte Colladas y Collugas, perteneciente al término municipal de Los Tojos (Cantabria)</subfield>
</datafield>
</record></metadata></record></GetRecord></OAI-PMH>